<?xml version="1.0" encoding="UTF-8"?>
<record
    xmlns:xsi="http://www.w3.org/2001/XMLSchema-instance"
    xsi:schemaLocation="http://www.loc.gov/MARC21/slim http://www.loc.gov/standards/marcxml/schema/MARC21slim.xsd"
    xmlns="http://www.loc.gov/MARC21/slim">

  <leader>02581nam0a2200397   4500</leader>
  <controlfield tag="001">RU\NLR\bibl\101935</controlfield>
  <controlfield tag="005">20260407060213.0</controlfield>
  <datafield tag="010" ind1=" " ind2=" ">
    <subfield code="a">5-93613-002-9</subfield>
    <subfield code="9">500</subfield>
  </datafield>
  <datafield tag="021" ind1=" " ind2=" ">
    <subfield code="a">RU</subfield>
    <subfield code="b">2000-12551</subfield>
    <subfield code="9">616</subfield>
  </datafield>
  <datafield tag="035" ind1=" " ind2=" ">
    <subfield code="a">(NLR Aleph) 000099699</subfield>
  </datafield>
  <datafield tag="090" ind1=" " ind2=" ">
    <subfield code="a">562484</subfield>
    <subfield code="c">562484</subfield>
  </datafield>
  <datafield tag="100" ind1=" " ind2=" ">
    <subfield code="a">20000804d1999    |||y0rusy50      ca</subfield>
  </datafield>
  <datafield tag="101" ind1="0" ind2=" ">
    <subfield code="a">rus</subfield>
  </datafield>
  <datafield tag="102" ind1=" " ind2=" ">
    <subfield code="a">RU</subfield>
  </datafield>
  <datafield tag="105" ind1=" " ind2=" ">
    <subfield code="a">a   |||||||||</subfield>
  </datafield>
  <datafield tag="200" ind1="1" ind2=" ">
    <subfield code="a">&#x412;&#x442;&#x43E;&#x440;&#x430;&#x44F; &#x41C;&#x435;&#x436;&#x434;&#x443;&#x43D;&#x430;&#x440;&#x43E;&#x434;&#x43D;&#x430;&#x44F; &#x434;&#x435;&#x43B;&#x43E;&#x432;&#x430;&#x44F; &#x43A;&#x43E;&#x43D;&#x444;&#x435;&#x440;&#x435;&#x43D;&#x446;&#x438;&#x44F; "&#x420;&#x43E;&#x441;&#x441;&#x438;&#x439;&#x441;&#x43A;&#x438;&#x439; &#x440;&#x44B;&#x43D;&#x43E;&#x43A; &#x434;&#x440;&#x430;&#x433;&#x43E;&#x446;&#x435;&#x43D;&#x43D;&#x44B;&#x445; &#x43C;&#x435;&#x442;&#x430;&#x43B;&#x43B;&#x43E;&#x432; &#x438; &#x434;&#x440;&#x430;&#x433;&#x43E;&#x446;&#x435;&#x43D;&#x43D;&#x44B;&#x445; &#x43A;&#x430;&#x43C;&#x43D;&#x435;&#x439;: &#x441;&#x43E;&#x441;&#x442;&#x43E;&#x44F;&#x43D;&#x438;&#x435; &#x438; &#x43F;&#x435;&#x440;&#x441;&#x43F;&#x435;&#x43A;&#x442;&#x438;&#x432;&#x44B;". &#x420;&#x414;&#x41C;&#x41A;-99</subfield>
    <subfield code="d">Second International business conference "Russian precious metals and gemstones market: todey's situation and future developments". RPMG-99, (&#x41C;&#x43E;&#x441;&#x43A;&#x432;&#x430;, 1-5 &#x43D;&#x43E;&#x44F;&#x431;. 1999 &#x433;.)</subfield>
    <subfield code="e">&#x414;&#x43E;&#x43A;&#x443;&#x43C;&#x435;&#x43D;&#x442;&#x44B; &#x438; &#x43C;&#x430;&#x442;&#x435;&#x440;&#x438;&#x430;&#x43B;&#x44B;</subfield>
    <subfield code="z">eng</subfield>
  </datafield>
  <datafield tag="210" ind1=" " ind2=" ">
    <subfield code="a">&#x41C;.</subfield>
    <subfield code="c">&#x410;&#x421;&#x41C;&#x418;</subfield>
    <subfield code="d">1999</subfield>
  </datafield>
  <datafield tag="215" ind1=" " ind2=" ">
    <subfield code="a">494 &#x441;.</subfield>
    <subfield code="c">&#x438;&#x43B;.</subfield>
    <subfield code="d">29</subfield>
  </datafield>
  <datafield tag="300" ind1=" " ind2=" ">
    <subfield code="a">&#x417;&#x430;&#x433;&#x43B;. &#x43E;&#x431;&#x43B;.: &#x420;&#x414;&#x41C;&#x41A;-99</subfield>
  </datafield>
  <datafield tag="300" ind1=" " ind2=" ">
    <subfield code="a">&#x427;&#x430;&#x441;&#x442;&#x44C; &#x442;&#x435;&#x43A;&#x441;&#x442;&#x430; &#x43F;&#x430;&#x440;&#x430;&#x43B;. &#x43D;&#x430; &#x440;&#x443;&#x441;., &#x430;&#x43D;&#x433;&#x43B;. &#x44F;&#x437;.</subfield>
  </datafield>
  <datafield tag="311" ind1=" " ind2=" ">
    <subfield code="a">&#x41F;&#x440;&#x438;&#x43B;. &#x43A; &#x436;&#x443;&#x440;&#x43D;. "&#x414;&#x440;&#x430;&#x433;&#x43E;&#x446;. &#x43C;&#x435;&#x442;&#x430;&#x43B;&#x43B;&#x44B;. &#x414;&#x440;&#x430;&#x433;&#x43E;&#x446;. &#x43A;&#x430;&#x43C;&#x43D;&#x438;"</subfield>
  </datafield>
  <datafield tag="488" ind1=" " ind2="0">
    <subfield code="1">2001#$a&#x414;&#x440;&#x430;&#x433;&#x43E;&#x446;&#x435;&#x43D;&#x43D;&#x44B;&#x435; &#x43C;&#x435;&#x442;&#x430;&#x43B;&#x43B;&#x44B;. &#x414;&#x440;&#x430;&#x433;&#x43E;&#x446;&#x435;&#x43D;&#x43D;&#x44B;&#x435; &#x43A;&#x430;&#x43C;&#x43D;&#x438;</subfield>
    <subfield code="t">&#x414;&#x440;&#x430;&#x433;&#x43E;&#x446;&#x435;&#x43D;&#x43D;&#x44B;&#x435; &#x43C;&#x435;&#x442;&#x430;&#x43B;&#x43B;&#x44B;. &#x414;&#x440;&#x430;&#x433;&#x43E;&#x446;&#x435;&#x43D;&#x43D;&#x44B;&#x435; &#x43A;&#x430;&#x43C;&#x43D;&#x438;</subfield>
  </datafield>
  <datafield tag="510" ind1="1" ind2=" ">
    <subfield code="6">z02791</subfield>
    <subfield code="a">Second International business conference "Russian precious metals and gemstones market: todey's situation and future developments". RPMG-99, (&#x41C;&#x43E;&#x441;&#x43A;&#x432;&#x430;, 1-5 &#x43D;&#x43E;&#x44F;&#x431;. 1999 &#x433;.)</subfield>
    <subfield code="z">eng</subfield>
  </datafield>
  <datafield tag="512" ind1="1" ind2=" ">
    <subfield code="a">&#x420;&#x414;&#x41C;&#x41A;-99</subfield>
  </datafield>
  <datafield tag="606" ind1="0" ind2=" ">
    <subfield code="a">&#x42E;&#x432;&#x435;&#x43B;&#x438;&#x440;&#x43D;&#x430;&#x44F; &#x43F;&#x440;&#x43E;&#x43C;&#x44B;&#x448;&#x43B;&#x435;&#x43D;&#x43D;&#x43E;&#x441;&#x442;&#x44C;</subfield>
    <subfield code="j">&#x421;&#x44A;&#x435;&#x437;&#x434;&#x44B;, &#x441;&#x43E;&#x432;&#x435;&#x449;&#x430;&#x43D;&#x438;&#x44F; &#x438; &#x442;.&#x43F;.</subfield>
    <subfield code="9">2178651</subfield>
    <subfield code="3">RU\NLR\auth\661310287</subfield>
  </datafield>
  <datafield tag="606" ind1="0" ind2=" ">
    <subfield code="a">&#x411;&#x43B;&#x430;&#x433;&#x43E;&#x440;&#x43E;&#x434;&#x43D;&#x44B;&#x435; &#x43C;&#x435;&#x442;&#x430;&#x43B;&#x43B;&#x44B;</subfield>
    <subfield code="j">&#x421;&#x44A;&#x435;&#x437;&#x434;&#x44B;, &#x441;&#x43E;&#x432;&#x435;&#x449;&#x430;&#x43D;&#x438;&#x44F; &#x438; &#x442;.&#x43F;.</subfield>
    <subfield code="x">&#x422;&#x43E;&#x440;&#x433;&#x43E;&#x432;&#x43B;&#x44F;</subfield>
    <subfield code="9">2254332</subfield>
    <subfield code="3">RU\NLR\auth\661352020</subfield>
  </datafield>
  <datafield tag="686" ind1=" " ind2=" ">
    <subfield code="a">&#x423;30(2)705.6&#x44F;431</subfield>
  </datafield>
  <datafield tag="686" ind1=" " ind2=" ">
    <subfield code="a">&#x423;42(2)152.38&#x44F;431</subfield>
  </datafield>
  <datafield tag="710" ind1="1" ind2="2">
    <subfield code="a">"&#x420;&#x43E;&#x441;&#x441;&#x438;&#x439;&#x441;&#x43A;&#x438;&#x439; &#x440;&#x44B;&#x43D;&#x43E;&#x43A; &#x434;&#x440;&#x430;&#x433;&#x43E;&#x446;&#x435;&#x43D;&#x43D;&#x44B;&#x445; &#x43C;&#x435;&#x442;&#x430;&#x43B;&#x43B;&#x43E;&#x432; &#x438; &#x434;&#x440;&#x430;&#x433;&#x43E;&#x446;&#x435;&#x43D;&#x43D;&#x44B;&#x445; &#x43A;&#x430;&#x43C;&#x43D;&#x435;&#x439;: &#x441;&#x43E;&#x441;&#x442;&#x43E;&#x44F;&#x43D;&#x438;&#x435; &#x438; &#x43F;&#x435;&#x440;&#x441;&#x43F;&#x435;&#x43A;&#x442;&#x438;&#x432;&#x44B;", &#x43C;&#x435;&#x436;&#x434;&#x443;&#x43D;&#x430;&#x440;&#x43E;&#x434;&#x43D;&#x430;&#x44F; &#x434;&#x435;&#x43B;&#x43E;&#x432;&#x430;&#x44F; &#x43A;&#x43E;&#x43D;&#x444;&#x435;&#x440;&#x435;&#x43D;&#x446;&#x438;&#x44F;</subfield>
    <subfield code="d">2</subfield>
    <subfield code="f">1999</subfield>
    <subfield code="e">&#x41C;&#x43E;&#x441;&#x43A;&#x432;&#x430;</subfield>
    <subfield code="3">RU\NLR\AUTH\8810026985</subfield>
    <subfield code="9">552126</subfield>
  </datafield>
  <datafield tag="791" ind1="1" ind2="2">
    <subfield code="8">eng</subfield>
    <subfield code="a">"Russian precious metals and gemstones market: today's situation and future developments", international business conference</subfield>
    <subfield code="d">2</subfield>
    <subfield code="f">1999</subfield>
    <subfield code="e">Mocsow</subfield>
    <subfield code="7">ba</subfield>
    <subfield code="3">RU\NLR\auth\8810026986</subfield>
    <subfield code="9">552128</subfield>
  </datafield>
  <datafield tag="801" ind1=" " ind2="0">
    <subfield code="a">RU</subfield>
    <subfield code="b">NLR</subfield>
    <subfield code="c">20000804</subfield>
    <subfield code="g">PSBO</subfield>
  </datafield>
  <datafield tag="801" ind1=" " ind2="1">
    <subfield code="a">RU</subfield>
    <subfield code="b">NLR</subfield>
    <subfield code="c">20000804</subfield>
  </datafield>
  <datafield tag="852" ind1=" " ind2=" ">
    <subfield code="a">NLR</subfield>
    <subfield code="j">2000-8/975</subfield>
  </datafield>
  <datafield tag="942" ind1=" " ind2=" ">
    <subfield code="c">BOOK</subfield>
  </datafield>
  <datafield tag="980" ind1=" " ind2=" ">
    <subfield code="a">NB</subfield>
  </datafield>
  <datafield tag="995" ind1=" " ind2=" ">
    <subfield code="5">2000-08-04</subfield>
    <subfield code="a">ad</subfield>
    <subfield code="b">NLR01</subfield>
    <subfield code="c">NLR01</subfield>
    <subfield code="e">RF8</subfield>
    <subfield code="f">55005</subfield>
    <subfield code="k">2000-8/975</subfield>
    <subfield code="o">0</subfield>
    <subfield code="r">BOOK</subfield>
    <subfield code="s">20008975_</subfield>
  </datafield>
  <datafield tag="995" ind1=" " ind2=" ">
    <subfield code="5">2000-08-04</subfield>
    <subfield code="a">ad</subfield>
    <subfield code="b">NLR01</subfield>
    <subfield code="c">NLR01</subfield>
    <subfield code="e">RF8</subfield>
    <subfield code="f">55008</subfield>
    <subfield code="k">2000-8/975</subfield>
    <subfield code="o">0</subfield>
    <subfield code="r">BOOK</subfield>
    <subfield code="s">20008975_</subfield>
  </datafield>
</record>
